[Event "10th Banco di Roma"]
[Site "Rome ITA"]
[Date "1986.02.??"]
[Round "4"]
[White "Bukal, Vladimir"]
[Black "Kirov, Nino"]
[Result "1/2-1/2"]
[WhiteElo "2465"]
[BlackElo "2485"]
[EventDate "1986.02.15"]
[PlyCount "32"]

1.c4 c5 2.Nc3 g6 3.g3 Bg7 4.Bg2 Nc6 5.e3 e5 6.Nge2 Nge7 7.a3 a5 8.d3 d6 9.
O-O O-O 10.b3 Rb8 11.Bb2 Be6 12.Nd5 Qd7 13.Nb6 Qd8 14.Nd5 Qd7 15.Nb6 Qd8 
16.Nd5 Bd7 1/2-1/2

[Event "10th Banco di Roma"]
[Site "Rome ITA"]
[Date "1986.02.??"]
[Round "6"]
[White "Tatai, Stefano"]
[Black "Farago, Ivan"]
[Result "1/2-1/2"]
[WhiteElo "2405"]
[BlackElo "2520"]
[EventDate "1986.02.15"]
[PlyCount "22"]

1.d4 Nf6 2.c4 e6 3.Nf3 b6 4.g3 Be7 5.Bg2 Bb7 6.O-O O-O 7.Nc3 Ne4 8.Nxe4 
Bxe4 9.Ne1 Bxg2 10.Nxg2 d5 11.cxd5 Qxd5 1/2-1/2